Η συνθήκη του Αγίου Στεφάνου και ο ελληνισμός : η Βοσνιακή κρίσις και η Πρεσβευτική Διάσκεψις της Κωνσταντινουπόλεως : ο ρωσοτουρκικός πόλεμος και η συνθήκη του Αγίου Στεφάνου : το συνέδριον του Βερολίνου

Αποθηκεύτηκε σε:
Λεπτομέρειες βιβλιογραφικής εγγραφής
Κύριος συγγραφέας: Νάλτσας, Χριστόφορος Α.
Μορφή: Βιβλίο
Γλώσσα:Greek
Δημοσίευση: Θεσσαλονίκη : Εταιρεία Μακεδονικών Σπουδών, 1953
Σειρά:Μακεδονική λαϊκή βιβλιοθήκη ; 10
Θέματα:
Ετικέτες: Προσθήκη ετικέτας
Δεν υπάρχουν, Καταχωρήστε ετικέτα πρώτοι!

MARC

LEADER 00000cam a2200000 i 4500
001 1/3877
008 000523s1953 gre d
035 |l 10060955 
040 |a GR-MY-UA  |b gre  |e aacr 
041 0 |a gre 
082 0 |a 938.648 
100 1 |a Νάλτσας, Χριστόφορος Α. 
245 1 2 |a Η συνθήκη του Αγίου Στεφάνου και ο ελληνισμός :  |b η Βοσνιακή κρίσις και η Πρεσβευτική Διάσκεψις της Κωνσταντινουπόλεως : ο ρωσοτουρκικός πόλεμος και η συνθήκη του Αγίου Στεφάνου : το συνέδριον του Βερολίνου /  |c Χριστόφορου Α. Νάλτσα 
260 |a Θεσσαλονίκη :   |b Εταιρεία Μακεδονικών Σπουδών,   |c 1953 
300 |a 91 σ.;  |c 25 εκ. 
490 1 |a (Μακεδονική λαϊκή βιβλιοθήκη ;   |v 10) 
500 |a "Διαλέξεις γενόμεναι εις την Εταιρεία Μακεδονικών Σπουδών τη 29η Νοεμβρίου, 3η και 13η Δεκεμβρίου 1952" 
504 |a Περιέχει βιβλιογραφία 
650 0 0 |a Eastern question. 
651 0 |a Greece  |x Politics and government  |y 1821- 
830 0 |a Μακεδονική λαϊκή βιβλιοθήκη ;  |v 10 
852 |a INST  |b LESVOS  |e 20000523  |h 938.648 ΝΑΛ  |p 005100020899  |q 005100020899  |t BK  |y 0 
901 |a BIBL1-2000-2 
970 |z 2000/05/ΔΕΜΕΝΑΓΑΣ (ELIDOC)